000 00414ntaaa2200169 4500
003 01
005 20251027203125.0
008 0714s1973 ag 01
040 _aAR-BaBN
_bspa
_cAR-BaBN
_eaacr
_dRIC
082 _a783.6600 J96
245 _aAl mundo paz
250 _a1 ed
260 _aBuenos Aires :
_bJunta Bautista de Publicaciones,
_c1972
300 _a32 p
650 _aCánticos-Navidad
_932785
942 _cBK
999 _c26696
_d26696